000 00931nam a22002057a 4500
003 OSt
005 20170608093049.0
008 150408b2005 slv spa
040 _cBMC
082 _a670.42
100 1 _936120
_aMancía Araujo, Oscar Mauricio
245 1 0 _aDesarrollo de un programa de seguridad industrial para la planta geotérmica (LA GEO) en el departamento de Ahuachapán
_b: informe final de proyecto
_cOscar Mauricio Mancia Araujo
260 _aSanta Ana (El Salvador)
_bUniversidad Católica de Occidente
_c2005
300 _a1 v. (pág. var.)
_c28 cm
_e+ 1 discos compacto
500 _aPrecede al tít.: Universidad Católica de Occidente, Facultad de Ingeniería y Arquitectura
502 _aPara optar al título de: Ingeniero Industrial
650 2 4 _919919
_aIngeniería industrial
710 2 _91166
_aUniversidad Católica de El Salvador
_bFacultad de Ingeniería y Arquitectura
942 _2ddc
_cTG
999 _c22354
_d22354